[Event "Athens Papanastasio op 12th"]
[Site "Athens"]
[Date "2022.09.15"]
[Round "4"]
[White "Sideris, Theodoros"]
[Black "Gavriil, Dimitrios"]
[Result "1-0"]
[WhiteElo "1718"]
[BlackElo "1270"]
[PlyCount "39"]
[EventDate "2022.09.12"]
[EventType "swiss"]
[EventRounds "7"]
[EventCountry "GRE"]
[SourceTitle "EXT 2023"]
[Source "ChessBase"]
[SourceDate "2022.10.05"]
[SourceVersion "1"]
[SourceVersionDate "2022.10.05"]
[SourceQuality "1"]

1. e4 e5 2. Nf3 Nc6 3. d4 exd4 4. Nxd4 Nf6 5. Nxc6 bxc6 6. Bd3 Bc5 7. 0-0 h6 8. e5 Nd5 9. Qg4 g5 10. Re1 Ne7 11. Qc4 Bb6 12. Nc3 d5 13. exd6 Qxd6 14. Ne4 Qd4 15. Bd2 Be6 16. Qa6 Nd5 17. c3 Qg7 18. c4 Qd4 19. cxd5 cxd5 20. Bc3 1-0